The two goats (Record no. 32874)

MARC details
000 -LEADER
fixed length control field 00616nam a22001817a 4500
005 - DATE AND TIME OF LATEST TRANSACTION
control field 20091215133237.0
008 - FIXED-LENGTH DATA ELEMENTS--GENERAL INFORMATION
fixed length control field 091215t xxu||||| |||| 00| 0 eng d
020 ## - INTERNATIONAL STANDARD BOOK NUMBER
Terms of availability $ 2.5
International Standard Book Number 9781603460460
037 ## - SOURCE OF ACQUISITION
Source of stock number/acquisition Surender Kumar & Sons
040 ## - CATALOGING SOURCE
Original cataloging agency dpl
Language of cataloging English
245 ## - TITLE STATEMENT
Title The two goats
260 ## - PUBLICATION, DISTRIBUTION, ETC. (IMPRINT)
Name of publisher, distributor, etc Macaw Books
Date of publication, distribution, etc 2008
Place of publication, distribution, etc Virginia
270 ## - ADDRESS
Address 3602 Rocky Meadow Ct. Fairfax,
City Virginia
Postal code 22033
300 ## - PHYSICAL DESCRIPTION
Extent 11p.:
Other physical details col. ill.
Dimensions 25cm(pbk)
942 ## - ADDED ENTRY ELEMENTS (KOHA)
Source of classification or shelving scheme Dewey Decimal Classification
Item type Children Books
Call number suffix TWO
Holdings
Withdrawn status Lost status Source of classification or shelving scheme Damaged status Not for loan Home library Current library Date acquired Cost, normal purchase price Total Checkouts Full call number Date last seen Cost, replacement price Koha item type
    Dewey Decimal Classification     Andrews Gunj Andrews Gunj 15/12/2009 0.00   TWO 15/12/2009 0.00 Children Books

© Delhi Public Library
Hit Counter
free hit counter